El misterioso manuscrito de Nostrarratus /
Nostrarratus ya lo había predicho todo, ¡incluida la fecha del Fin del Mundo! Yo quería publicar el manuscrito, pero en Ratonkfurt, durante la Feria del Libro, sucedió algo increíble...¡Por mil gatos peludos!
Guardado en:
| Autor Principal: | |
|---|---|
| Otros Autores: | , |
| Formato: | Libro |
| Idioma: | Undetermined |
| Publicado: |
Buenos Aires :
Destino,
2005.
|
| Edición: | 2a ed. |
| Series: | Geronimo Stilton ;
3 |
| Materias: | |
| Etiquetas: |
Agregar Etiqueta
Sin Etiquetas, Sea el primero en etiquetar este registro!
|
| LEADER | 01260nam a22002655a 4500 | ||
|---|---|---|---|
| 001 | CEM.cems020865 | ||
| 008 | 240304s2005####ag############000#0#und#d | ||
| 005 | 20240306164439.0 | ||
| 245 | 1 | 0 | |a El misterioso manuscrito de Nostrarratus / |c Geronimo Stilton ; ilustrado por Larry Keys ; traducido por Manuel Manzano. |
| 250 | |a 2a ed. | ||
| 260 | |a Buenos Aires : |b Destino, |c 2005. | ||
| 300 | |a 128 p. | ||
| 490 | 1 | |a Geronimo Stilton ; |v 3 | |
| 500 | |a Geronimo Stilton es el nombre del escritor ficticio con el que firma la escritora italiana Elisabetta Dami. | ||
| 500 | |a Título original: Il misterioso manoscritto di Nostratopus. | ||
| 520 | |a Nostrarratus ya lo había predicho todo, ¡incluida la fecha del Fin del Mundo! Yo quería publicar el manuscrito, pero en Ratonkfurt, durante la Feria del Libro, sucedió algo increíble...¡Por mil gatos peludos! | ||
| 020 | |a 9507320504 | ||
| 100 | 1 | |a Stilton, Geronimo |j Dami, Elisabetta. | |
| 700 | 1 | |a Keys, Larry; il. | |
| 700 | 1 | |a Manzano, Manuel; trad. | |
| 653 | |a Literatura infantil | ||
| 653 | |a Novela infantil | ||
| 653 | |a Literatura italiana | ||
| 859 | |a CEMS |b BIB. CEMS - Inicial y Primaria |h 853.9 |i St548-2 |k IP |p 2987 |t Ej.1 | ||
| 859 | |a CEMS |b BIB. CEMS - Inicial y Primaria |h 853.9 |i St548-2 |k IP |p 6160 |t Ej.2 | ||
